Elenca la formazione - Finale UEFA Champions League 2013-2014 - Statistics

Statistiche generali
  • Questo quiz è stato fatto 160 volte
  • Il punteggio medio è 18 su 22
Statistiche sulle risposte
Ruolo Nazione Calciatore % Corretto
Attaccante Portogallo Cristiano Ronaldo
99%
Attaccante Galles Gareth Bale
99%
Portiere Spagna Iker Casillas
99%
Attaccante Francia Karim Benzema
99%
Centrocampista Croazia Luka Modrić
99%
Difensore Spagna Sergio Ramos
99%
Difensore Francia Raphaël Varane
96%
Portiere Belgio Thibaut Courtois
95%
Difensore Spagna Daniel Carvajal
93%
Difensore Uruguay Diego Godín
92%
Centrocampista Spagna Koke
88%
Centrocampista Argentina Ángel Di María
82%
Difensore Brasile Filipe Luís
82%
Centrocampista Germania Sami Khedira
81%
Difensore Spagna Juanfran
80%
Difensore Portogallo Fábio Coentrão
79%
Attaccante Spagna Diego Costa
67%
Centrocampista Spagna Gabi
67%
Difensore Brasile Miranda
63%
Attaccante Spagna David Villa
50%
Centrocampista Portogallo Tiago
32%
Centrocampista Spagna Raúl García
19%
Nessun quiz corrispondente trovato
Distribuzione punteggi
Percentuale di utenti per punteggio
Percentile per numero di risposta
I tuoi punteggi nel tempo
Non hai fatto questo quiz